[Event "7th Novi Sad it"]
[Site "Novi Sad"]
[Date "1978.10.06"]
[EventDate "1978.10.02"]
[Round "5.1"]
[White "Popovic, Petar"]
[Black "Martinovic, Slobodan"]
[Result "0-1"]
[WhiteElo "2400"]
[BlackElo "2460"]
[PlyCount "117"]
[Source "Perpetual Check"]

1. e4 c5 2. Nf3 d6 3. d4 cxd4 4. Nxd4 Nf6 5. Nc3 Nc6 6. Bg5 e6 7. Qd2 a6 8.
O-O-O Bd7 9. f4 Be7 10. Nf3 b5 11. Bxf6 gxf6 12. Bd3 Qb6 13. Kb1 O-O-O 14. f5
Kb8 15. Ne2 Qc5 16. Rhf1 Bc8 17. fxe6 fxe6 18. c3 d5 19. Qc2 f5 20. e5 Qb6 21.
Ned4 Na5 22. Ka1 Rhg8 23. Rf2 Bb7 24. b4 Nc4 25. Bxc4 dxc4 26. Re2 Rg4 27. Rde1
Bxb4 28. cxb4 Rgxd4 29. Nxd4 Qxd4+ 30. Kb1 Be4 31. Rxe4 fxe4 32. Rxe4 Qg1+ 33.
Kb2 Rd3 34. g3 Qh1 35. Rf4 Qd5 36. Rf8+ Kb7 37. Kc1 Qh1+ 38. Kb2 Qe4 39. Qf2
Qxe5+ 40. Kb1 Qe4 41. Rf7+ Rd7+ 42. Kb2 Qe5+ 43. Kc2 Qe4+ 44. Kb2 Qd5 45. Rxd7+
Qxd7 46. Qf3+ Qd5 47. Qf7+ Kb6 48. Qf8 Qe5+ 49. Kc1 Kc7 50. Qe7+ Kc6 51. a3
Qe3+ 52. Kd1 Qg1+ 53. Ke2 Qxh2+ 54. Kf3 Qh1+ 55. Ke3 Qe1+ 56. Kf3 Qd1+ 57. Kf2
Qd2+ 58. Kf3 Qd3+ 59. Kf2 0-1

[Event "7th Novi Sad it"]
[Site "Novi Sad"]
[Date "1978.10.06"]
[EventDate "1978.10.02"]
[Round "5.2"]
[White "Geller, Efim"]
[Black "Farago, Ivan"]
[Result "1/2-1/2"]
[WhiteElo "2590"]
[BlackElo "2510"]
[PlyCount "53"]
[Source "Perpetual Check"]

1. e4 e6 2. d4 d5 3. Nd2 Nf6 4. e5 Nfd7 5. Bd3 c5 6. c3 Nc6 7. Ne2 cxd4 8. cxd4
f6 9. exf6 Nxf6 10. O-O Qb6 11. Nf3 Bd6 12. Nc3 O-O 13. Re1 Bd7 14. Be3 Be8 15.
Ng5 Bf7 16. Rc1 Kh8 17. h3 Bg8 18. Na4 Qc7 19. Nc5 Rae8 20. Bb5 Bxc5 21. Rxc5
Nd7 22. Rc1 e5 23. Bxc6 bxc6 24. dxe5 Qxe5 25. Nf3 Qxb2 26. Rxc6 Rxf3 27. gxf3
1/2-1/2

[Event "7th Novi Sad it"]
[Site "Novi Sad"]
[Date "1978.10.06"]
[EventDate "1978.10.02"]
[Round "5.3"]
[White "Jansa, Vlastimil"]
[Black "Nogueiras Santiago, Jesus"]
[Result "1/2-1/2"]
[WhiteElo "2505"]
[BlackElo "2385"]
[PlyCount "31"]
[Source "Perpetual Check"]

1. e4 e5 2. Nf3 Nc6 3. Bb5 a6 4. Ba4 Nf6 5. O-O Bc5 6. Nc3 b5 7. Bb3 d6 8. d3
Bg4 9. h3 Bxf3 10. Qxf3 Nd4 11. Qd1 a5 12. a4 Nxb3 13. cxb3 bxa4 14. bxa4 O-O
15. Kh2 Nd7 16. f4 1/2-1/2

[Event "7th Novi Sad it"]
[Site "Novi Sad"]
[Date "1978.10.06"]
[EventDate "1978.10.02"]
[Round "5.4"]
[White "Spiridonov, Nikola"]
[Black "Notaros, Krasoje"]
[Result "1/2-1/2"]
[WhiteElo "2405"]
[BlackElo "2355"]
[PlyCount "133"]
[Source "Perpetual Check"]

1. Nf3 f5 2. g3 Nf6 3. Bg2 e6 4. O-O Be7 5. c4 O-O 6. d4 d5 7. Qc2 c6 8. b3 Bd7
9. Ba3 Be8 10. Bxe7 Qxe7 11. Nbd2 Nbd7 12. e3 Ne4 13. b4 Bh5 14. b5 Rfc8 15.
bxc6 Rxc6 16. Qb3 Bxf3 17. Nxf3 Rxc4 18. Qxb7 Qd8 19. Rac1 Nd6 20. Qa6 Qb6 21.
Qa3 Rac8 22. Rb1 Qc6 23. Ne5 Nxe5 24. dxe5 Nf7 25. Qxa7 Ra4 26. Qe7 Re8 27. Qb7
Nxe5 28. Qxc6 Nxc6 29. Rfc1 Na5 30. Rc7 Rxa2 31. h4 Kf8 32. Bf1 Re7 33. Rc8+
Kf7 34. Ra8 Ra3 35. Ra6 Rb3 36. Rc1 Nb7 37. Rc8 Rd7 38. Rcc6 Nd8 39. Rc5 Ke7
40. Be2 Rbb7 41. Rc2 Ra7 42. Rca2 Rxa6 43. Rxa6 Rb7 44. h5 Nf7 45. g4 Nd6 46.
gxf5 Nxf5 47. Bd3 Kf6 48. e4 dxe4 49. Bxe4 Rb4 50. Bxf5 Kxf5 51. Ra7 Rg4+ 52.
Kf1 h6 53. f3 Rf4 54. Rxg7 Rxf3+ 55. Kg2 Rf4 56. Kg3 Ke5 57. Rh7 Rf6 58. Kg4
Ke4 59. Rg7 Rf4+ 60. Kg3 Rf3+ 61. Kg4 Rf6 62. Rg6 Ke5 63. Rg7 Rf1 64. Rh7 Rf4+
65. Kg3 Rf6 66. Kg4 Kd6 67. Ra7 1/2-1/2

[Event "7th Novi Sad it"]
[Site "Novi Sad"]
[Date "1978.10.06"]
[EventDate "1978.10.02"]
[Round "5.6"]
[White "Deze, Anton"]
[Black "Sahovic, Dragutin"]
[Result "1/2-1/2"]
[WhiteElo "2395"]
[BlackElo "2490"]
[PlyCount "40"]
[Source "Perpetual Check"]

1. d4 Nf6 2. c4 b6 3. Nc3 Bb7 4. Qc2 d5 5. cxd5 Nxd5 6. Nf3 e6 7. e4 Nxc3 8.
bxc3 Be7 9. Bd3 c5 10. O-O cxd4 11. cxd4 O-O 12. Bb2 Nd7 13. Rac1 Rc8 14. Qd2
Rxc1 15. Rxc1 Qb8 16. d5 exd5 17. exd5 Bf6 18. Ba3 Rd8 19. Be4 Ne5 20. Nxe5
Bxe5 1/2-1/2

[Event "7th Novi Sad it"]
[Site "Novi Sad"]
[Date "1978.10.06"]
[EventDate "1978.10.02"]
[Round "5.7"]
[White "Jovic, Ljubomir"]
[Black "Planinc, Albin"]
[Result "0-1"]
[WhiteElo "2325"]
[BlackElo "2430"]
[PlyCount "84"]
[Source "Perpetual Check"]

1. e4 g6 2. f4 d5 3. exd5 Qxd5 4. Nc3 Qd6 5. Nf3 Bg7 6. Bc4 Qxf4 7. d4 Qd6 8.
O-O Nf6 9. Nb5 Qd8 10. Bf4 Na6 11. c3 c6 12. Na3 Nc7 13. Be5 O-O 14. Qe1 Nce8
15. h3 Nd6 16. Bb3 b6 17. g4 Ba6 18. Rf2 c5 19. dxc5 bxc5 20. Rd1 Qb6 21. Bd5
Rad8 22. Ng5 h6 23. Nf3 e6 24. Bb3 Nfe4 25. Bxd6 Nxd6 26. Ne5 Kh7 27. h4 Qc7
28. Bc2 Ne4 29. Qxe4 Rxd1+ 30. Bxd1 Qxe5 31. Qxe5 Bxe5 32. h5 gxh5 33. Bc2+ Kh8
34. gxh5 f5 35. c4 Bd4 36. Kg2 Bxf2 37. Kxf2 Rd8 38. Ke3 Kg7 39. Bd3 Kf6 40.
Nc2 Kg5 41. a3 e5 42. b4 Bb7 0-1

[Event "7th Novi Sad it"]
[Site "Novi Sad"]
[Date "1978.10.06"]
[EventDate "1978.10.02"]
[Round "5.8"]
[White "Bjelajac, Milan"]
[Black "Barczay, Laszlo"]
[Result "1/2-1/2"]
[WhiteElo "2415"]
[BlackElo "2465"]
[PlyCount "32"]
[Source "Perpetual Check"]

1. e4 g6 2. d4 Bg7 3. Nc3 c5 4. dxc5 Qa5 5. Nge2 Nf6 6. Ng3 Qxc5 7. Be2 d6 8.
O-O O-O 9. h3 a6 10. Be3 Qc7 11. Qd2 Rd8 12. Na4 Nbd7 13. c4 Nc5 14. Nc3 Bd7
15. Rac1 a5 16. b3 Qb6 1/2-1/2

[Event "7th Novi Sad it"]
[Site "Novi Sad"]
[Date "1978.10.08"]
[EventDate "1978.10.02"]
[Round "6.1"]
[White "Martinovic, Slobodan"]
[Black "Barczay, Laszlo"]
[Result "1/2-1/2"]
[WhiteElo "2460"]
[BlackElo "2465"]
[PlyCount "54"]
[Source "Perpetual Check"]

1. Nf3 Nf6 2. g3 e6 3. Bg2 Be7 4. O-O O-O 5. d3 c5 6. e4 d6 7. Re1 Nc6 8. c3
Rb8 9. Nbd2 b5 10. d4 d5 11. exd5 Nxd5 12. dxc5 Bxc5 13. Nb3 Be7 14. Nfd4 Nxd4
15. Nxd4 Rb6 16. Nxb5 Rxb5 17. c4 Ra5 18. cxd5 exd5 19. Be3 Bb4 20. Bd2 Bxd2
21. Qxd2 Be6 22. Qd4 Qd7 23. b3 Rc8 24. Re2 Rac5 25. h4 h6 26. Kh2 a5 27. Rd2
a4 1/2-1/2

[Event "7th Novi Sad it"]
[Site "Novi Sad"]
[Date "1978.10.08"]
[EventDate "1978.10.02"]
[Round "6.2"]
[White "Planinc, Albin"]
[Black "Bjelajac, Milan"]
[Result "1-0"]
[WhiteElo "2430"]
[BlackElo "2415"]
[PlyCount "67"]
[Source "Perpetual Check"]

1. e4 c5 2. f4 Nc6 3. Nf3 g6 4. Bc4 e6 5. e5 a6 6. O-O d5 7. Be2 h5 8. c3 Nh6
9. Na3 Nf5 10. Nc2 Be7 11. d4 Qb6 12. Kh1 h4 13. Bd3 c4 14. Bxf5 gxf5 15. Ne3
Bd7 16. b3 Na5 17. b4 Nc6 18. a4 O-O-O 19. Ba3 Rdg8 20. b5 axb5 21. axb5 Qxb5
22. Bxe7 Nxe7 23. Ng5 Be8 24. Ra8+ Kc7 25. Qa1 Nc8 26. Rb1 Qc6 27. Qa5+ b6 28.
Rxc8+ Kxc8 29. Rxb6 Qa4 30. Qc5+ Bc6 31. Rxc6+ Kb7 32. Rc7+ Kb8 33. Qb6+ Ka8
34. Qb7# 1-0

[Event "7th Novi Sad it"]
[Site "Novi Sad"]
[Date "1978.10.08"]
[EventDate "1978.10.02"]
[Round "6.3"]
[White "Sahovic, Dragutin"]
[Black "Jovic, Ljubomir"]
[Result "1-0"]
[WhiteElo "2490"]
[BlackElo "2325"]
[PlyCount "67"]
[Source "Perpetual Check"]

1. d4 d5 2. Nf3 c6 3. c4 e6 4. e3 Nd7 5. Nc3 f5 6. Bd3 g6 7. O-O Ngf6 8. b3 Bd6
9. Bb2 O-O 10. Ne2 Nh5 11. Ne5 Ndf6 12. Nf4 Ng7 13. Be2 g5 14. Nfd3 Bd7 15. Nc5
Rb8 16. b4 Be8 17. a4 Ne4 18. f3 Nf6 19. b5 dxc4 20. Bxc4 Nd5 21. Qb3 Bxe5 22.
dxe5 b6 23. Nxe6 Nxe6 24. e4 Nef4 25. bxc6 fxe4 26. fxe4 Bxc6 27. exd5 Bxd5 28.
Rfd1 Qc8 29. Bxd5+ Kg7 30. e6+ Kh6 31. Rac1 Qe8 32. e7 Ne2+ 33. Kh1 Qxe7 34.
Rc6+ 1-0

[Event "7th Novi Sad it"]
[Site "Novi Sad"]
[Date "1978.10.08"]
[EventDate "1978.10.02"]
[Round "6.5"]
[White "Notaros, Krasoje"]
[Black "Vukic, Milan"]
[Result "1/2-1/2"]
[WhiteElo "2355"]
[BlackElo "2480"]
[PlyCount "88"]
[Source "Perpetual Check"]

1. Nf3 Nf6 2. g3 g6 3. Bg2 Bg7 4. O-O O-O 5. c4 d6 6. d4 c6 7. Nc3 Qa5 8. e4 e5
9. dxe5 dxe5 10. Rb1 Bg4 11. b4 Qc7 12. Be3 Nbd7 13. Qc1 a5 14. a3 Rfe8 15. c5
Bf8 16. h3 axb4 17. axb4 Bxf3 18. Bxf3 Bg7 19. Rd1 Nf8 20. Ra1 Ne6 21. Qb2 h5
22. b5 Rxa1 23. Rxa1 Nd4 24. Bg2 Nd7 25. bxc6 bxc6 26. Ne2 Rb8 27. Qa2 Nxc5 28.
Nxd4 exd4 29. Bf4 Be5 30. Qc4 Ne6 31. Bxe5 Qxe5 32. Qxc6 d3 33. Rd1 Rd8 34. Qc4
d2 35. Qb4 h4 36. Rxd2 Rxd2 37. Qxd2 hxg3 38. fxg3 Qxg3 39. Qf2 Qe5 40. Qf3 Kg7
41. Kh1 Nf4 42. Bf1 Ne6 43. Bg2 Qc7 44. Qe3 Qe5 1/2-1/2

[Event "7th Novi Sad it"]
[Site "Novi Sad"]
[Date "1978.10.08"]
[EventDate "1978.10.02"]
[Round "6.6"]
[White "Nogueiras Santiago, Jesus"]
[Black "Spiridonov, Nikola"]
[Result "1-0"]
[WhiteElo "2385"]
[BlackElo "2405"]
[PlyCount "79"]
[Source "Perpetual Check"]

1. e4 c6 2. d4 d5 3. Nc3 dxe4 4. Nxe4 Nd7 5. Nf3 Ngf6 6. Nxf6+ Nxf6 7. Ne5 Be6
8. Be2 g6 9. O-O Bg7 10. c4 O-O 11. Be3 Ne8 12. f4 Nd6 13. Rc1 Qa5 14. Qc2 Nf5
15. Bf2 Rfd8 16. Rfd1 f6 17. Nf3 Nd6 18. Re1 Bf8 19. Bd3 Bf5 20. Nd2 Bxd3 21.
Qxd3 Qf5 22. Qf3 h5 23. Nb3 Qg4 24. Qxg4 hxg4 25. Nc5 b6 26. Ne6 Rd7 27. c5
bxc5 28. Rxc5 Kf7 29. Rxc6 Nf5 30. g3 Rd6 31. Rxd6 Nxd6 32. d5 Rb8 33. b3 Rb5
34. Bc5 Nb7 35. b4 Nxc5 36. bxc5 f5 37. c6 Rb8 38. c7 Rc8 39. Rb1 Bg7 40. Rb8
1-0

[Event "7th Novi Sad it"]
[Site "Novi Sad"]
[Date "1978.10.08"]
[EventDate "1978.10.02"]
[Round "6.8"]
[White "Popovic, Petar"]
[Black "Geller, Efim"]
[Result "0-1"]
[WhiteElo "2400"]
[BlackElo "2590"]
[PlyCount "74"]
[Source "Perpetual Check"]

1. g3 d5 2. Bg2 c6 3. d3 Nf6 4. Nd2 e5 5. e4 Bd6 6. Ngf3 O-O 7. O-O Re8 8. b3
a5 9. a3 Bf8 10. Bb2 d4 11. Nc4 Nfd7 12. c3 b5 13. Ncd2 c5 14. c4 bxc4 15. Nxc4
Nc6 16. Bh3 a4 17. Nfd2 Ba6 18. Bxd7 Qxd7 19. bxa4 Rab8 20. Qe2 Na5 21. Nxa5
Rxb2 22. Rfb1 Reb8 23. Qf1 Rxd2 24. Rxb8 Bxd3 25. Qe1 Re2 26. Qc1 Qc7 27. Rxf8+
Kxf8 28. Nc4 Qe7 29. Nd2 g6 30. a5 Kg7 31. a4 Qf6 32. f3 c4 33. a6 Qxa6 34. f4
exf4 35. Nf3 Re3 36. Nxd4 Qb6 37. Qc3 Rxe4 0-1

[Event "7th Novi Sad it"]
[Site "Novi Sad"]
[Date "1978.10.09"]
[EventDate "1978.10.02"]
[Round "7.1"]
[White "Geller, Efim"]
[Black "Martinovic, Slobodan"]
[Result "1/2-1/2"]
[WhiteElo "2590"]
[BlackElo "2460"]
[PlyCount "50"]
[Source "Perpetual Check"]

1. d4 Nf6 2. Nf3 g6 3. Bg5 Bg7 4. e3 d6 5. Be2 h6 6. Bh4 g5 7. Bg3 Ne4 8. Nbd2
Nxg3 9. hxg3 Nd7 10. c3 e6 11. a4 g4 12. Ng1 h5 13. a5 a6 14. Bd3 d5 15. Ne2
Qg5 16. Qa4 c6 17. c4 h4 18. cxd5 exd5 19. gxh4 Rxh4 20. O-O-O Qf6 21. Nf4 Nc5
22. Qc2 Nxd3+ 23. Qxd3 Bf5 24. Qc3 O-O-O 25. Nb3 Qh6 1/2-1/2

[Event "7th Novi Sad it"]
[Site "Novi Sad"]
[Date "1978.10.09"]
[EventDate "1978.10.02"]
[Round "7.2"]
[White "Jansa, Vlastimil"]
[Black "Popovic, Petar"]
[Result "1-0"]
[WhiteElo "2505"]
[BlackElo "2400"]
[PlyCount "93"]
[Source "Perpetual Check"]

1. e4 g6 2. d4 Bg7 3. Nc3 d6 4. Be2 Nf6 5. Nf3 O-O 6. O-O Nc6 7. d5 Nb8 8. h3
c6 9. Re1 a5 10. a4 Na6 11. Be3 Nb4 12. Bc4 Bd7 13. Bb3 Rc8 14. Qe2 cxd5 15.
exd5 Re8 16. Rad1 Na6 17. Nd4 Nc5 18. Ndb5 Bxb5 19. Nxb5 Nfd7 20. Bd4 Nxb3 21.
cxb3 Bxd4 22. Rxd4 Nf6 23. Rc4 Qd7 24. Qf3 Kg7 25. Rec1 Rxc4 26. bxc4 Qc8 27.
b3 Qc5 28. Re1 Qb4 29. Re2 Qc5 30. Qc3 Qb6 31. Qe1 Kf8 32. Qd2 Kg7 33. Kh2 Nd7
34. Re3 Nc5 35. h4 Nd7 36. h5 Nf6 37. h6+ Kf8 38. f3 Ra8 39. Re2 Qd8 40. Qd4
Kg8 41. g4 Qf8 42. Qe3 Nd7 43. Qxe7 Qxh6+ 44. Kg2 Nc5 45. Nxd6 Qf4 46. Nxf7
Nxb3 47. Ng5 1-0

[Event "7th Novi Sad it"]
[Site "Novi Sad"]
[Date "1978.10.09"]
[EventDate "1978.10.02"]
[Round "7.3"]
[White "Spiridonov, Nikola"]
[Black "Farago, Ivan"]
[Result "1-0"]
[WhiteElo "2405"]
[BlackElo "2510"]
[PlyCount "80"]
[Source "Perpetual Check"]

1. Nf3 d5 2. c4 d4 3. g3 c5 4. b4 cxb4 5. a3 e6 6. d3 Nc6 7. Bg2 Nf6 8. O-O
bxa3 9. Qa4 Nd7 10. Bxa3 Bxa3 11. Nxa3 O-O 12. Nb5 e5 13. Qa3 a6 14. Nd2 Rb8
15. Nd6 Qc7 16. c5 Nf6 17. Nxc8 Rfxc8 18. Nc4 Na7 19. Nd6 Nb5 20. Nxb5 axb5 21.
Rfc1 Qd7 22. Qb3 Rc7 23. Ra5 b4 24. Qxb4 Rbc8 25. Rc4 Qe7 26. Rb5 e4 27. dxe4
Nxe4 28. Rxd4 Nxc5 29. Rc4 Kf8 30. e3 g6 31. h4 h5 32. Qb2 Kg8 33. Qc3 Ne4 34.
Rxc7 Rxc7 35. Qa1 Nxf2 36. Re5 Qd8 37. Kxf2 Qd2+ 38. Kf3 Kh7 39. Qd4 Qa2 40.
Re8 f6 1-0

[Event "7th Novi Sad it"]
[Site "Novi Sad"]
[Date "1978.10.09"]
[EventDate "1978.10.02"]
[Round "7.4"]
[White "Vukic, Milan"]
[Black "Nogueiras Santiago, Jesus"]
[Result "1-0"]
[WhiteElo "2480"]
[BlackElo "2385"]
[PlyCount "113"]
[Source "Perpetual Check"]

1. d4 Nf6 2. c4 e6 3. Nf3 Bb4+ 4. Nbd2 b6 5. a3 Bxd2+ 6. Qxd2 Ba6 7. e3 d5 8.
Qc2 O-O 9. b3 Nbd7 10. Bb2 c5 11. Bd3 Rc8 12. Qe2 cxd4 13. exd4 dxc4 14. bxc4
Qc7 15. Rc1 Rfe8 16. O-O Bb7 17. Rfe1 Nf8 18. Ne5 Ng6 19. Qd2 Nd7 20. f4 Ndxe5
21. fxe5 Qd7 22. Qf2 Rc7 23. h4 Nf8 24. h5 Rec8 25. Re3 Ba6 26. Rg3 g6 27. Rc2
Qd8 28. Bc1 Bxc4 29. Bg5 Qe8 30. Bh6 Nd7 31. Be4 Bd5 32. Rxc7 Rxc7 33. Bd3 Rc8
34. Ba6 Rc7 35. Bb5 Qe7 36. Bxd7 Rxd7 37. Rc3 Bb7 38. Qf4 Qd8 39. Rc4 b5 40.
Rb4 Bc6 41. Bg5 Qf8 42. Rb3 Rc7 43. Bh6 Qd8 44. Rc3 Rc8 45. Bg5 Qf8 46. Qf6 Qg7
47. Qf3 h6 48. Bf6 Bxf3 49. Rxc8+ Qf8 50. Rxf8+ Kxf8 51. gxf3 a5 52. Bd8 b4 53.
Bxa5 b3 54. Bc3 Ke8 55. hxg6 fxg6 56. a4 Kd7 57. d5 1-0

[Event "7th Novi Sad it"]
[Site "Novi Sad"]
[Date "1978.10.09"]
[EventDate "1978.10.02"]
[Round "7.5"]
[White "Deze, Anton"]
[Black "Notaros, Krasoje"]
[Result "0-1"]
[WhiteElo "2395"]
[BlackElo "2355"]
[PlyCount "86"]
[Source "Perpetual Check"]

1. e4 c5 2. Nf3 d6 3. d4 cxd4 4. Nxd4 Nf6 5. Nc3 a6 6. f4 e6 7. Be2 Be7 8. O-O
O-O 9. Be3 Qc7 10. Bf3 Nbd7 11. Qe2 Nb6 12. Rad1 Nc4 13. Bc1 e5 14. fxe5 dxe5
15. Nb3 b5 16. Kh1 b4 17. Nd5 Nxd5 18. Rxd5 Be6 19. Rdd1 Nd6 20. Rf2 a5 21. Bg4
a4 22. Nd2 Qxc2 23. Bxe6 fxe6 24. Nf3 Qxe4 25. Qxe4 Nxe4 26. Re2 Nc5 27. Nxe5
Bf6 28. Be3 Rfc8 29. Bxc5 Rxc5 30. Nd7 Rd5 31. Rxd5 exd5 32. Nxf6+ gxf6 33. Rd2
Ra5 34. h3 Kf7 35. Rd4 Rb5 36. a3 Ke6 37. axb4 Ke5 38. Rh4 d4 39. Rh5+ f5 40.
g4 Rxb4 41. Rxf5+ Ke4 42. Rf2 d3 43. Kg2 Rd4 0-1

[Event "7th Novi Sad it"]
[Site "Novi Sad"]
[Date "1978.10.09"]
[EventDate "1978.10.02"]
[Round "7.7"]
[White "Bjelajac, Milan"]
[Black "Sahovic, Dragutin"]
[Result "0-1"]
[WhiteElo "2415"]
[BlackElo "2490"]
[PlyCount "56"]
[Source "Perpetual Check"]

1. e4 Nc6 2. d4 d5 3. exd5 Qxd5 4. Nf3 Bg4 5. Be2 O-O-O 6. c4 Qh5 7. O-O Nf6 8.
Be3 e5 9. h3 exd4 10. hxg4 Nxg4 11. Bg5 f6 12. Nh4 Nce5 13. Bf4 Qxh4 14. Bg3
Qg5 15. Bxe5 Nxe5 16. f4 Qh4 17. fxe5 d3 18. Bg4+ Kb8 19. Bh3 fxe5 20. Nd2 Bc5+
21. Kh1 e4 22. Nb3 Bd6 23. Qe1 Qg3 24. Qxg3 Bxg3 25. Nc5 e3 26. Bg4 e2 27. Rfb1
Rd4 28. Nxd3 Rxg4 0-1

[Event "7th Novi Sad it"]
[Site "Novi Sad"]
[Date "1978.10.09"]
[EventDate "1978.10.02"]
[Round "7.8"]
[White "Barczay, Laszlo"]
[Black "Planinc, Albin"]
[Result "1/2-1/2"]
[WhiteElo "2465"]
[BlackElo "2430"]
[PlyCount "35"]
[Source "Perpetual Check"]

1. e4 g6 2. d4 Bg7 3. Nf3 d6 4. Nc3 Nf6 5. Be2 O-O 6. O-O c6 7. Re1 Nbd7 8. e5
dxe5 9. dxe5 Ng4 10. e6 fxe6 11. h3 Ngf6 12. Ng5 Nb6 13. Qxd8 Rxd8 14. Bf1 Nbd5
15. Nxd5 exd5 16. Rxe7 Re8 17. Rxe8+ Nxe8 18. c3 1/2-1/2

[Event "7th Novi Sad it"]
[Site "Novi Sad"]
[Date "1978.10.10"]
[EventDate "1978.10.02"]
[Round "8.1"]
[White "Martinovic, Slobodan"]
[Black "Planinc, Albin"]
[Result "1/2-1/2"]
[WhiteElo "2460"]
[BlackElo "2430"]
[PlyCount "88"]
[Source "Perpetual Check"]

1. e4 g6 2. d4 Bg7 3. Nc3 d6 4. Nge2 c6 5. g3 Nf6 6. Bg2 O-O 7. h3 e5 8. Be3 b5
9. dxe5 dxe5 10. Bc5 Re8 11. Qxd8 Rxd8 12. a4 Na6 13. Be7 Rd7 14. Bxf6 Bxf6 15.
axb5 Nb4 16. O-O cxb5 17. Nd5 Nxd5 18. exd5 e4 19. c3 Bb7 20. Nf4 b4 21. cxb4
Bxb2 22. Rab1 Be5 23. Bxe4 Bxf4 24. gxf4 Bxd5 25. Rbd1 Rad8 26. Bxd5 Rxd5 27.
Rxd5 Rxd5 28. Ra1 Rd7 29. f5 Kg7 30. fxg6 hxg6 31. Ra6 Kf8 32. Kg2 Ke7 33. Kg3
Rb7 34. f4 Rxb4 35. Rxa7+ Kf6 36. Kg4 Kg7 37. Rd7 Rb1 38. Rd2 Kf8 39. Ra2 Kg7
40. Ra7 Rg1+ 41. Kf3 Kf6 42. Ra6+ Kf5 43. Ra5+ Kf6 44. Ra6+ Kg7 1/2-1/2

[Event "7th Novi Sad it"]
[Site "Novi Sad"]
[Date "1978.10.10"]
[EventDate "1978.10.02"]
[Round "8.2"]
[White "Sahovic, Dragutin"]
[Black "Barczay, Laszlo"]
[Result "1/2-1/2"]
[WhiteElo "2490"]
[BlackElo "2465"]
[PlyCount "22"]
[Source "Perpetual Check"]

1. d4 Nf6 2. Nf3 e6 3. Nc3 d5 4. Bg5 Nbd7 5. e4 h6 6. Bxf6 Nxf6 7. Bd3 Bb4 8.
Qe2 dxe4 9. Bxe4 Bxc3+ 10. bxc3 Nxe4 11. Qxe4 Qd5 1/2-1/2

[Event "7th Novi Sad it"]
[Site "Novi Sad"]
[Date "1978.10.10"]
[EventDate "1978.10.02"]
[Round "8.4"]
[White "Notaros, Krasoje"]
[Black "Jovic, Ljubomir"]
[Result "1-0"]
[WhiteElo "2355"]
[BlackElo "2325"]
[PlyCount "95"]
[Source "Perpetual Check"]

1. Nf3 c5 2. c4 Nc6 3. Nc3 g6 4. g3 Bg7 5. Bg2 d6 6. O-O e5 7. Ne1 Nge7 8. Nc2
O-O 9. Ne3 Nd4 10. a3 Nec6 11. Rb1 f5 12. b4 f4 13. Ned5 Bg4 14. f3 Bc8 15. e3
Ne6 16. Ne4 b6 17. Qa4 Bb7 18. Bh3 Ng5 19. Nxg5 Qxg5 20. Kg2 fxg3 21. hxg3 Kh8
22. Nc7 h5 23. Ne6 Qf6 24. Nxf8 Rxf8 25. Qd1 Ne7 26. e4 Bh6 27. b5 g5 28. d3
Kg7 29. Rb2 h4 30. gxh4 gxh4 31. Bxh6+ Qxh6 32. Qd2 Rf4 33. Kh2 Qf6 34. Qg2+
Kh6 35. Rbf2 Qg6 36. Qxg6+ Nxg6 37. Rg2 Rf6 38. Bf5 Nf4 39. Rg4 d5 40. Rxh4+
Kg5 41. Rg4+ Kh6 42. Rh1 dxe4 43. Kg1+ Nh5 44. dxe4 Rxf5 45. exf5 Bxf3 46. Rg6+
Kh7 47. Rh3 e4 48. Kf2 1-0

[Event "7th Novi Sad it"]
[Site "Novi Sad"]
[Date "1978.10.10"]
[EventDate "1978.10.02"]
[Round "8.5"]
[White "Nogueiras Santiago, Jesus"]
[Black "Deze, Anton"]
[Result "1-0"]
[WhiteElo "2385"]
[BlackElo "2395"]
[PlyCount "59"]
[Source "Perpetual Check"]

1. e4 c5 2. Nf3 d6 3. d4 cxd4 4. Nxd4 Nf6 5. Nc3 Nc6 6. Bc4 Qb6 7. Nde2 e6 8.
O-O Be7 9. Bb3 O-O 10. Ng3 Na5 11. Kh1 Nxb3 12. axb3 Bd7 13. Bg5 h6 14. Be3 Qc7
15. f4 Bc6 16. f5 b5 17. Qd2 Nh7 18. Nh5 b4 19. Qd4 Nf6 20. Nxf6+ Bxf6 21. Qxb4
exf5 22. Rxf5 Qe7 23. Bd4 Bg5 24. Re1 Bd2 25. Re2 Bxe4 26. Bxg7 Kxg7 27. Rxe4
Qd7 28. Qd4+ Kh7 29. Rf6 Bg5 30. Qd3 1-0

[Event "7th Novi Sad it"]
[Site "Novi Sad"]
[Date "1978.10.10"]
[EventDate "1978.10.02"]
[Round "8.6"]
[White "Farago, Ivan"]
[Black "Vukic, Milan"]
[Result "1-0"]
[WhiteElo "2510"]
[BlackElo "2480"]
[PlyCount "97"]
[Source "Perpetual Check"]

1. d4 c5 2. d5 Nf6 3. c4 e5 4. Nc3 d6 5. e4 Be7 6. Be2 O-O 7. Nf3 Nbd7 8. O-O
Ne8 9. a3 Kh8 10. b4 g6 11. Bh6 Rg8 12. Bd2 f5 13. Ne1 f4 14. Bg4 Ndf6 15. Bxc8
Rxc8 16. Qe2 Nd7 17. Rb1 g5 18. g4 h5 19. h3 Nef6 20. f3 Rg7 21. Nd3 cxb4 22.
Rxb4 b6 23. Nb5 a5 24. Rb2 Rxc4 25. Nxf4 Rxe4 26. Ng6+ Rxg6 27. fxe4 Nc5 28.
Nc3 Rg7 29. Rf5 hxg4 30. hxg4 Ng8 31. Be3 Rh7 32. Qb5 Rh4 33. Qxb6 Rxg4+ 34.
Kf1 Qxb6 35. Rxb6 Nxe4 36. Nxe4 Rxe4 37. Bxg5 Kg7 38. Rb8 Nf6 39. Bxf6+ Bxf6
40. Rb6 Kg6 41. Rf3 Be7 42. Rb7 Bg5 43. Rd7 Bf4 44. Rxd6+ Kf5 45. Rd3 Ra4 46.
Rc6 Bg5 47. d6 Rh4 48. Rc8 Ke4 49. Rg3 1-0

[Event "7th Novi Sad it"]
[Site "Novi Sad"]
[Date "1978.10.10"]
[EventDate "1978.10.02"]
[Round "8.7"]
[White "Popovic, Petar"]
[Black "Spiridonov, Nikola"]
[Result "1/2-1/2"]
[WhiteElo "2400"]
[BlackElo "2405"]
[PlyCount "95"]
[Source "Perpetual Check"]

1. g3 d5 2. Bg2 Nf6 3. d3 e6 4. Nd2 c5 5. e4 Nc6 6. Ngf3 Be7 7. O-O O-O 8. a4
b6 9. Re1 dxe4 10. dxe4 Ba6 11. e5 Nd7 12. Bf1 Bxf1 13. Kxf1 Qc7 14. Qe2 Rfd8
15. Qe4 Nf8 16. Nc4 Rd5 17. c3 Rad8 18. h4 Rd1 19. Bg5 Rxa1 20. Rxa1 Bxg5 21.
hxg5 Ng6 22. Kg2 Nce7 23. Nfd2 Rd5 24. f4 Qd7 25. Nf3 Nf5 26. a5 b5 27. Ne3
Nxe3+ 28. Qxe3 a6 29. Qe4 h6 30. gxh6 gxh6 31. Rh1 Kg7 32. g4 Ne7 33. Rh5 Rd2+
34. Nxd2 Qxd2+ 35. Kg3 Qxb2 36. Qf3 Nd5 37. c4 bxc4 38. Rh2 Qd4 39. Re2 c3 40.
f5 c4 41. fxe6 fxe6 42. Qf2 Qd3+ 43. Kh4 Qd1 44. Qa7+ Kg6 45. Qb8 Qh1+ 46. Kg3
Qg1+ 47. Kh4 Qh1+ 48. Kg3 1/2-1/2

[Event "7th Novi Sad it"]
[Site "Novi Sad"]
[Date "1978.10.10"]
[EventDate "1978.10.02"]
[Round "8.8"]
[White "Geller, Efim"]
[Black "Jansa, Vlastimil"]
[Result "1-0"]
[WhiteElo "2590"]
[BlackElo "2505"]
[PlyCount "141"]
[Source "Perpetual Check"]

1. e4 c5 2. Nf3 Nc6 3. d4 cxd4 4. Nxd4 g6 5. c4 Nf6 6. Nc3 d6 7. Nc2 Bg7 8. Be2
O-O 9. O-O Nd7 10. Bd2 Nc5 11. b3 Bxc3 12. Bxc3 Nxe4 13. Bb2 Qa5 14. Bf3 f5 15.
Re1 Rf7 16. Bxe4 fxe4 17. Rxe4 Bf5 18. Re2 h6 19. Ne3 Kh7 20. Qd5 Qxd5 21. cxd5
Nb4 22. Rd2 Rc8 23. f3 Bd7 24. a3 Na6 25. b4 Ba4 26. Re1 h5 27. Nf1 Rc2 28.
Rxc2 Bxc2 29. Rc1 Bf5 30. Bd4 b6 31. Kf2 Bd7 32. Ne3 e5 33. dxe6 Bxe6 34. Rc6
Rd7 35. h4 Nc7 36. Bb2 Kg8 37. Rc1 Kf7 38. Nc2 Bd5 39. Nd4 Bb7 40. Bc3 Ne6 41.
Nb5 a6 42. Nd4 Nxd4 43. Bxd4 b5 44. Be3 Ke6 45. Re1 Kf7 46. Rc1 Ke6 47. Kg3 Rf7
48. Bf4 Kd7 49. Rd1 Rf6 50. Rd2 Re6 51. Kf2 Rf6 52. Be5 Re6 53. Bb2 Ke7 54. Kg3
Bc6 55. Kf4 Kf7 56. Kg5 Bb7 57. Rc2 Bd5 58. Rc7+ Ke8 59. Bf6 Re2 60. Kxg6 Rxg2+
61. Bg5 Re2 62. f4 Re6+ 63. Kg7 Be4 64. Rc8+ Kd7 65. Rd8+ Kc7 66. Rf8 Rg6+ 67.
Kh8 d5 68. f5 Rxg5 69. hxg5 h4 70. f6 h3 71. Kg7 1-0